000 00308nam a2200109Ia 4500
008 190216s9999||||xx |||||||||||||| ||und||
100 _aKishnadwala Vh. Kishnadwalla Nh&Amp; 
 Shetti Mv
245 0 _aAuditing Principles And Practice
260 _bWiley Eastern Ltd
_c1982
300 _a657.45
942 _cBK
999 _c5044
_d5044